Normal view
MARC view
- علم النفس التربوي-صعوبات التعلم-مهارات التدريس-التعليم الالكتروني-الطلبة
Entry Topical Term
001 - CONTROL NUMBER
- control field: 63894
003 - CONTROL NUMBER IDENTIFIER
- control field: JO-AjAnu
005 - DATE AND TIME OF LATEST TRANSACTION
- control field: 20230606084427.0
008 - FIXED-LENGTH DATA ELEMENTS
- fixed length control field: 230606|| aca||aabn | a|a d
040 ## - CATALOGING SOURCE
- Original cataloging agency: JO-AjAnu
- Transcribing agency: JO-AjAnu
150 ## - HEADING--TOPICAL TERM
- Topical term or geographic name entry element: علم النفس التربوي-صعوبات التعلم-مهارات التدريس-التعليم الالكتروني-الطلبة
670 ## - SOURCE DATA FOUND
- Source citation: Work cat.: (JO-AjAnu)32573: الموسوي، نجم عبدالله، م.مشارك علي عبدالله غالي الموسوي, author 63893, التعليم والتعلم في ضوء معطيات علم النفس التربوي